000 00547nam a2200133Ia 4500
005 20260209120138.0
008 260209s9999||||xx |||||||||||||| ||und||
100 _aMalini Elumalai
245 0 _aProtection of environment through the lens of international trade law special reference to trade related environment disputes decided by WTO
260 _aBangaloreBangalore
_bNLSIU
_c2017
300 _a169 p. ; 25 cm.
700 _aProf. (Dr.) M K Ramesh - GuideProf. (Dr.) M K Ramesh - Guide
856 _uhttps://dans.nls.ac.in/handle/123456789/1641
999 _c217312
_d217312